Christ-like /

সংরক্ষণ করুন:
গ্রন্থ-পঞ্জীর বিবরন
প্রধান লেখক: Xavier, Emanuel (লেখক)
বিন্যাস: গ্রন্থ
ভাষা:ইংরেজি
প্রকাশিত: New York : Painted Leaf Press, c1999
ট্যাগগুলো: ট্যাগ যুক্ত করুন
কোনো ট্যাগ নেই, প্রথমজন হিসাবে ট্যাগ করুন!

MARC

LEADER 00000nam a22000007i 4500
001 IT\ICCU\UBO\2258240
003 ItRI
005 20260115231837.0
008 030728s1999 xxu|||||| ||||| |||||c
020 |a 189130514X 
040 |b ita  |c importazione bologna sebina 
041 7 |a eng  |2 ISO-639-2 
100 1 |a Xavier, Emanuel  |0 IT\ICCU\UBOV\816883  |4 aut 
245 1 0 |a Christ-like /  |c Emanuel Xavier. 
260 |a New York :  |b Painted Leaf Press,  |c c1999 
300 |a 257 p. ;  |c 23 cm. 
942 |2 ddc  |c BK  |n 0 
952 |0 0  |1 0  |4 0  |6 DOC_813_540000000000000_XAV  |7 0  |9 14053  |a BO  |b BO  |d 2026-01-15  |i 7572  |l 0  |o DOC 813.54 XAV  |p BO7572  |r 2026-01-15 23:18:37  |w 2026-01-15  |x [Sebina 5] [1 v.]  |y BK  |z 1 v. 
999 |c 12110  |d 12110